Bands With No Lineup Changes - Statistics

General Stats
  • This quiz has been taken 41 times
  • The average score is 22 of 40
Answer Stats
Band Instruments Answer % Correct
Guitar, Vocals George Harrison
100%
The Beatles (1963-1970) Vocals, Guitar John Lennon
100%
Vocals, Bass Paul McCartney
100%
Drums, Vocals Ringo Starr
100%
Queen (1973-1995) Vocals, Piano Freddie Mercury
97%
The Police (1978-1983) Vocals, Bass Sting
94%
Guitar, Vocals Brian May
92%
Led Zeppelin (1969-1982) Vocals Robert Plant
92%
U2 (1980-2014) Vocals, Guitar Bono
89%
Guitar Jimmy Page
86%
Guitar, Vocals The Edge
81%
Coldplay (2000-2015) Vocals, Guitar, Keys Chris Martin
72%
Sex Pistols (1977) Vocals Johnny Rotten
72%
Bass, Vocals Sid Vicious
72%
Drums John Bonham
67%
Drums, Vocals Roger Taylor
64%
Bass, Keys John Paul Jones
61%
Radiohead (1993-2011) Vocals, Guitar, Keys, Bass Thom Yorke
61%
Vocals Harry Styles
58%
Bass John Deacon
47%
Guitar, Vocals Steve Jones
47%
Vocals Zayn Malik
44%
Bass Adam Clayton
42%
Drums Larry Mullen, Jr.
42%
Drums, Vocals Stewart Copeland
42%
Guitar, Vocals Andy Summers
39%
Drums Frank Beard
39%
One Direction (2011-2014) Vocals Niall Horan
39%
ZZ Top (1971-2012) Vocals, Guitar Billy Gibbons
33%
Vocals Liam Payne
31%
Vocals Louis Tomlinson
31%
Guitar, Keys, Drums Jonny Greenwood
28%
Bass, Keys Colin Greenwood
22%
Bass, Keys, Vocals Dusty Hill
22%
Drums, Vocals Will Champion
14%
Bass, Vocals Guy Berryman
11%
Guitar, Vocals, Drums Ed O'Brien
8%
Guitar, Vocals Jonny Buckland
8%
Drums, Vocals Philip Selway
8%
Drums Paul Cook
6%
No matching quizzes found
Score Distribution
Percent of People with Each Score
Percentile by Number Answered
Your Score History
You have not taken this quiz